[Event "AUT-ch Open 2020"]
[Site "Graz"]
[Date "2020.02.16"]
[Round "3.15"]
[White "Prato, Simon"]
[Black "Milikow, Yoav"]
[Result "0-1"]
[WhiteElo "2040"]
[BlackElo "2296"]
[Annotator "ChessBase"]
[PlyCount "26"]
[EventDate "2020.02.14"]
[EventType "swiss"]
[EventCountry "AUT"]
[SourceTitle "playchess.com"]
[Source "ChessBase"]
[SourceQuality "1"]
[TimeControl "40/5400+30:1800+30"]

1. e4 {[%emt 0:00:00]} e6 {[%emt 0:00:00]} 2. b3 {[%emt 0:00:01]} d5 {[%emt 0:00:02]} 3. Bb2 {[%emt 0:00:08]} Nc6 {[%emt 0:00:54]} 4. Nc3 {[%emt 0:07:57]} Nf6 {[%emt 0:04:21]} 5. exd5 {[%emt 0:04:24]} exd5 {[%emt 0:00:15]} 6. Qe2+ {[%emt 0:01:22]} Be7 {[%emt 0:03:15]} 7. O-O-O {[%emt 0:02:32]} Bf5 {[%emt 0:03:39]} 8. f3 {[%emt 0:04:50]} Bxc2 {[%emt 0:00:21]} 9. Re1 {[%emt 0:00:59]} O-O {[%emt 0:03:13]} 10. Qf2 {[%emt 0:02:41]} Bg6 {[%emt 0:02:28]} 11. g4 {[%emt 0:02:03]} d4 {[%emt 0:08:09]} 12. Ne4 {[%emt 0:02:19]} Nxe4 {[%emt 0:00:18]} 13. fxe4 {[%emt 0:00:04]} Bh4 {[%emt 0:00:10]} 0-1

[Event "AUT-ch Open 2020"]
[Site "Graz"]
[Date "2020.02.16"]
[Round "3.16"]
[White "Shengelia, David"]
[Black "Tuncer, Tuna"]
[Result "1-0"]
[WhiteElo "2557"]
[BlackElo "2557"]
[Annotator "TA"]
[PlyCount "99"]
[EventDate "2020.02.14"]
[EventType "swiss"]
[EventCountry "AUT"]
[SourceTitle "playchess.com"]
[Source "ChessBase"]
[SourceQuality "1"]

{[%evp 15,99,45,33,24,32,30,41,37,34,38,42,40,43,32,30,32,42,10,45,27,61,39,80,96,111,20,45,37,67,53,61,16,54,14,61,66,66,57,110,113,149,150,143,146,240,236,533,533,502,485,778,771,1219,2404,2410,2239,2552,2591,2183,2004,648,1902,1826,1821,1738,1568,1401,810,835,681,2094,1807,1497,1410,2607,1840,12833,12835,12834,12815,12807,12800,5431,5409,5393,3843]} 1. d4 d5 2. Nf3 e6 3. g3 c5 4. Bg2 Nf6 5. O-O cxd4 6. Nxd4 e5 7. Nb3 Nc6 8. Bg5 Be6 9. Bxf6 {[#] D02: 1 d4 d5 2 Nf3 sidelines, including 2...Nf6 3 g3 and 2...Nf6 3 Bf4.} Qxf6 $146 ({Predecessor:} 9... gxf6 10. e3 a5 11. a4 h5 12. Nc3 Nb4 13. Qe2 Qb6 14. Rfd1 O-O-O 15. Qb5 Qxb5 16. Nxb5 Nc6 {1-0 (76) Delorme,A (2505)-Estremera Panos,S (2366) Amantea 2014}) 10. Bxd5 Rd8 11. c4 {White is slightly better.} Bh3 12. Re1 h5 13. Nc3 h4 14. Qd2 hxg3 15. fxg3 Nb4 16. Rad1 Be7 17. e3 Qg6 18. Qf2 Rd6 19. Be4 f5 20. Rxd6 (20. Bxb7 $16 {Black must now prevent Nd5.} Nd3 21. Rxd3 $1 {[%mdl 512]} Rxd3 22. Bd5) 20... Bxd6 21. Bb1 O-O 22. a3 {aiming for c5.} Nc6 23. Nd5 (23. c5 $5 {[%cal Rc5d6]} Be7 24. Nd5 $14) 23... Qh5 24. Bd3 (24. c5 $5 {[%cal Rc5d6]} Bb8 25. Bd3 $14) 24... f4 25. exf4 exf4 26. Nxf4 Qh6 (26... Bxf4 $14 27. gxf4 Qg4+ 28. Qg3 Rxf4) 27. Qf3 $16 {Threatens to win with Qd5+.} Bxf4 {[#]} 28. Qd5+ $1 Kh8 {Strongly threatening ...Be3+.} 29. gxf4 Qh4 {[#]} (29... g5 $16) 30. Re3 $1 $18 Qg4+ $2 (30... Bc8 {was worth a try.} 31. Qg5 Qg4+ 32. Qxg4 Bxg4) 31. Rg3 {White is clearly winning.} Qd1+ 32. Kf2 Bg4 (32... Rxf4+ $142 33. Ke3 Rh4) 33. Qe4 {[%csl Gd3][%cal Re4h7]} g6 34. Qxg6 {[%csl Gd3][%cal Rg6h7]} Rxf4+ 35. Kg2 {[%csl Gd3][%cal Rg6h7]} Bf3+ 36. Kh3 {[%csl Gd3][%cal Rg6h7]} Bg4+ 37. Rxg4 Qxg4+ 38. Qxg4 Rxg4 39. Kxg4 Ne5+ 40. Kf5 Nxd3 {[%mdl 4096] Endgame KN-KN} 41. Ke4 Nxb2 42. Kd5 b6 43. Nd2 Na4 44. Kc6 a6 45. Kb7 b5 46. cxb5 axb5 47. Kc6 Nc3 48. Kc5 Kg7 49. Kb4 Nd5+ 50. Kxb5 {Accuracy: White = 79%, Black = 34%.} 1-0

[Event "AUT-ch Open 2020"]
[Site "Graz"]
[Date "2020.02.16"]
[Round "3.16"]
[White "Danner, Georg"]
[Black "Schloffer, Jasmin-Denise"]
[Result "1-0"]
[WhiteElo "2295"]
[BlackElo "2080"]
[Annotator "ChessBase"]
[PlyCount "37"]
[EventDate "2020.02.14"]
[EventType "swiss"]
[EventCountry "AUT"]
[SourceTitle "playchess.com"]
[Source "ChessBase"]
[SourceQuality "1"]
[TimeControl "40/5400+30:1800+30"]

1. d4 {[%emt 0:00:00]} Nf6 {[%emt 0:00:00]} 2. Nf3 {[%emt 0:00:00]} e6 {[%emt 0:00:00]} 3. e3 {[%emt 0:00:00]} b6 {[%emt 0:00:00]} 4. Bd3 {[%emt 0:00:15]} Bb7 {[%emt 0:00:07]} 5. O-O {[%emt 0:00:06]} Be7 {[%emt 0:02:56]} 6. c4 {[%emt 0:00:06]} O-O {[%emt 0:00:25]} 7. Nc3 {[%emt 0:00:06]} d5 {[%emt 0:02:42]} 8. b3 {[%emt 0:00:05]} c5 {[%emt 0:01:56]} 9. Bb2 {[%emt 0:00:10]} Nbd7 {[%emt 0:02:20]} 10. Qe2 {[%emt 0:02:39]} Rc8 {[%emt 0:03:55]} 11. cxd5 {[%emt 0:09:18]} Nxd5 {[%emt 0:03:08]} 12. Nxd5 {[%emt 0:00:13]} Bxd5 {[%emt 0:03:57]} 13. Rad1 {[%emt 0:01:44]} Qc7 {[%emt 0:05:40]} 14. Bb1 {[%emt 0:32:59]} Nf6 {[%emt 0:10:11]} 15. e4 {[%emt 0:12:45]} Ba8 {[%emt 0:01:47]} 16. d5 {[%emt 0:01:08]} exd5 {[%emt 0:03:54]} 17. exd5 {[%emt 0:00:05]} Ne8 {[%emt 0:09:38]} 18. Rfe1 {[%emt 0:08:56]} Bd8 {[%emt 0:05:48]} 19. Qxe8 {[%emt 0:09:12]} 1-0

[Event "AUT-ch Open 2020"]
[Site "Graz"]
[Date "2020.02.16"]
[Round "3.17"]
[White "Huber, Martin Christian"]
[Black "Istratescu, Andrei"]
[Result "0-1"]
[WhiteElo "2552"]
[BlackElo "2552"]
[Annotator "TA"]
[PlyCount "102"]
[EventDate "2020.02.14"]
[EventType "swiss"]
[EventCountry "AUT"]
[SourceTitle "playchess.com"]
[Source "ChessBase"]
[SourceQuality "1"]

{[%evp 20,102,6,-5,-10,-23,-21,-18,-17,-37,-35,-24,0,-8,-6,-13,-10,-12,-7,-10,-9,-16,-29,-28,-25,-77,-34,-26,-11,-22,-39,-35,18,-135,-131,-133,-129,-140,-120,-214,-214,-509,-526,-487,-497,-769,-767,-1141,-1142,-1127,-972,-1089,-446,-446,-445,-1155,-427,-355,0,-934,-262,-373,-197,-333,-320,-322,-317,-433,-400,-368,-775,-771,-588,-563,-497,-1854,-1710,-1308,-1168,-29978,-29979,-29981,-29982,-29988,-29989]} 1. d4 Nf6 2. c4 e6 3. Nc3 d5 4. cxd5 Nxd5 5. e3 c5 6. Bd3 Nc6 7. Nf3 cxd4 8. exd4 Be7 9. O-O O-O 10. a3 Bf6 11. Bc2 Nce7 {D42: Queen's Gambit Declined: Semi-Tarrasch: 5 cxd5 Nxd5 6 e3 Nc6 7 Bd3 .} 12. Qd3 {[%csl Gc2][%cal Rd3h7]} g6 13. Bh6 Bg7 {[#] The position is equal.} 14. Bg5 $146 ({Predecessor:} 14. Bxg7 Kxg7 15. Bb3 b6 16. Rfe1 Bb7 17. Qd2 Nxc3 18. bxc3 Bxf3 19. gxf3 Nf5 20. Qf4 {0-1 (35) Manthey,J (1852)-Dehmel,J (2112) Hamburg 2010}) 14... Nxc3 15. bxc3 h6 16. Bd2 b6 17. Rfe1 Bb7 18. Ne5 Nf5 19. Qh3 h5 20. Rad1 Rc8 21. Bb3 b5 22. a4 (22. Qd3 $11) 22... a6 (22... b4 {keeps more tension.} 23. c4 a5 24. Be3 Re8 25. Bf4 Qf6) 23. axb5 axb5 24. Nxf7 {[%mdl 64] Decoy} Rxf7 25. Bxe6 Bd5 {[#]} (25... Rc6 $15) 26. Bxc8 $2 ({Better is} 26. Bg5 $1 $11 {[%mdl 512]} Qxg5 27. Bxd5) 26... Qxc8 $17 {Black continues to play with concentration.} 27. Bf4 Qc6 {[%mdl 1024] Black has strong compensation.} 28. Be5 Bh6 29. Re2 (29. Rb1 $17) 29... Ra7 $19 30. f4 $2 (30. Rb2 {is a better defense.}) 30... Ra3 31. Rc1 {[#]} b4 $1 {[%mdl 512]} 32. Rb2 (32. Qd3 $142 Bf8 33. Qb1 bxc3 34. h3) (32. cxb4 Qxc1+) 32... Bf8 33. g4 Rxc3 34. Rxc3 bxc3 ({Less strong is} 34... Qxc3 35. Qxc3 bxc3 36. Rc2 $17) 35. Rc2 Qa4 (35... Qb6 $142 {( -> ...Qb1+)} 36. Kf2 Nxd4 37. Bxd4 Qxd4+ {[%mdl 64] Double Attack} 38. Qe3 Qd1 39. Rxc3 Qxg4) 36. Qxc3 hxg4 37. Bf6 (37. Rc1 $142 Qa2 38. Qc2) 37... Qe8 (37... Qb5 $142 {White must now prevent ...Qb1+.} 38. Qd2 Qb3) 38. Be5 Qa4 $2 (38... Qb5 39. Rb2 Qa6) 39. Bf6 $1 Ne3 $2 (39... Qb5 40. Qe1 Qb3) 40. Re2 {[#]} (40. Rd2 $142 Nf5 41. Qc2) 40... Qa6 $1 $40 {[%mdl 128] Black goes for the king.} 41. Rxe3 (41. Qxe3 {only move.} Qxf6 42. Qe5) 41... Qxf6 42. Re5 Bf7 43. Re1 Qxf4 {Threatens to win with ...Bg7!} 44. Qe3 g5 $2 (44... Qd6 45. Qe5 Qb4) 45. Qxf4 gxf4 46. Re5 {White hopes to continue with Rg5+.} Bg7 47. Rg5 (47. Re4 $142 Bh6 48. Re5) 47... Be6 48. d5 Bd7 49. Kf2 Kf7 {Black mates.} 50. h3 Bf6 51. Rh5 g3+ {Accuracy: White = 44%, Black = 72%.} 0-1

[Event "AUT-ch Open 2020"]
[Site "Graz"]
[Date "2020.02.16"]
[Round "3.17"]
[White "Konyves, Almos"]
[Black "Welling, Gerard"]
[Result "0-1"]
[WhiteElo "2031"]
[BlackElo "2286"]
[Annotator "ChessBase"]
[PlyCount "60"]
[EventDate "2020.02.14"]
[EventType "swiss"]
[EventCountry "AUT"]
[SourceTitle "playchess.com"]
[Source "ChessBase"]
[SourceQuality "1"]
[TimeControl "40/5400+30:1800+30"]

1. e4 {[%emt 0:00:00]} g6 {[%emt 0:00:00]} 2. d4 {[%emt 0:00:00]} Bg7 {[%emt 0:00:00]} 3. c4 {[%emt 0:00:00]} d6 {[%emt 0:00:39]} 4. Nc3 {[%emt 0:00:16]} e5 {[%emt 0:00:06]} 5. Nf3 {[%emt 0:00:27]} Bg4 {[%emt 0:02:35]} 6. dxe5 {[%emt 0:00:50]} dxe5 {[%emt 0:01:59]} 7. Qxd8+ {[%emt 0:03:24]} Kxd8 {[%emt 0:00:03]} 8. Ng5 {[%emt 0:03:04]} Nh6 {[%emt 0:01:43]} 9. h3 {[%emt 0:02:11]} Bd7 {[%emt 0:00:58]} 10. Be3 {[%emt 0:01:35]} f6 {[%emt 0:01:22]} 11. Nf3 {[%emt 0:00:07]} Be6 {[%emt 0:01:54]} 12. O-O-O+ {[%emt 0:03:38]} Nd7 {[%emt 0:00:05]} 13. Nd5 {[%emt 0:02:43]} Nf7 {[%emt 0:00:23]} 14. Be2 {[%emt 0:07:45]} c6 {[%emt 0:01:56]} 15. Nc3 {[%emt 0:09:20]} Bh6 {[%emt 0:07:38]} 16. Bxh6 {[%emt 0:00:52]} Nxh6 {[%emt 0:00:04]} 17. a3 {[%emt 0:08:19]} Kc7 {[%emt 0:01:26]} 18. b3 {[%emt 0:08:48]} Rhd8 {[%emt 0:01:39]} 19. Kb2 {[%emt 0:01:08]} Bg8 {[%emt 0:01:36]} 20. g3 {[%emt 0:03:27]} Nc5 {[%emt 0:01:58]} 21. b4 {[%emt 0:06:06]} Ne6 {[%emt 0:00:10]} 22. Bd3 {[%emt 0:02:59]} a5 {[%emt 0:05:49]} 23. Ne2 {[%emt 0:08:21]} Nf7 {[%emt 0:02:36]} 24. h4 {[%emt 0:01:49]} h5 {[%emt 0:00:57]} 25. Bc2 {[%emt 0:09:43]} Nd6 {[%emt 0:01:36]} 26. Nd2 {[%emt 0:02:02]} Rd7 {[%emt 0:10:51]} 27. c5 {[%emt 0:04:33]} Nb5 {[%emt 0:00:15]} 28. Nb3 {[%emt 0:00:16]} Rxd1 {[%emt 0:01:18]} 29. Rxd1 {[%emt 0:02:39]} axb4 {[%emt 0:00:10]} 30. axb4 {[%emt 0:00:17]} Ra4 {[%emt 0:00:32]} 0-1

[Event "AUT-ch Open 2020"]
[Site "Graz"]
[Date "2020.02.16"]
[Round "3.18"]
[White "Dragnev, Valentin"]
[Black "Paltrinieri, Nicholas"]
[Result "1-0"]
[WhiteElo "2549"]
[BlackElo "2549"]
[Annotator "TA"]
[PlyCount "63"]
[EventDate "2020.02.14"]
[EventType "swiss"]
[EventCountry "AUT"]
[SourceTitle "playchess.com"]
[Source "ChessBase"]
[SourceQuality "1"]

{[%evp 10,63,42,42,54,28,37,29,26,31,23,0,6,-5,-6,0,0,-61,-76,-44,-47,-19,0,0,29,8,266,274,267,278,412,338,477,480,468,451,491,289,291,221,212,222,432,425,422,413,782,764,1452,1370,29982,29981,6149,1452,1474,1468]} 1. d4 e6 2. c4 f5 3. g3 Nf6 4. Bg2 Be7 5. Nf3 d5 6. O-O Ne4 {is more profitable than 6...0-0 at the moment. A92: Classical Dutch: Classical Stonewall (with ...Be7): Early deviations.} 7. b3 Nc6 8. Ba3 {[#]} Bf6 $146 {White has an edge.} ({Predecessor:} 8... O-O 9. Bxe7 Qxe7 10. Qc2 Qf6 11. e3 Bd7 12. a3 g5 13. Nc3 g4 14. Nxe4 fxe4 {0-1 (24) Ruiz Quevedo,A (1959)-Longa Yauca,J (2293) Madrid 2016}) 9. Bb2 h5 10. Ne5 h4 11. Nd2 hxg3 12. hxg3 Bd7 13. b4 (13. Re1 $11) 13... Bxe5 $15 14. dxe5 Qg5 15. Nf3 $1 {[%cal Rf3g5]} Qh6 16. cxd5 {And now Bc1 would win.} O-O-O 17. Qc1 g5 $2 {[%mdl 8192]} (17... exd5 $11 {and Black is okay.} 18. Qxh6 Rxh6) 18. dxc6 $18 Bxc6 {[#] Strongly threatening ...Nd2!} 19. Rd1 $1 Rdf8 (19... Bd5 $142 20. Bd4 Kb8) 20. b5 Bd5 (20... Bxb5 {might work better.} 21. Kf1 Bc6) 21. Rxd5 exd5 {[#]} 22. e6 $1 Rh7 (22... Qxe6 23. Bxh8) 23. e7 (23. Bd4 $142) 23... Re8 24. Ba3 f4 25. g4 Qe6 $2 (25... Qb6 26. e3 fxe3 27. Qxe3 (27. fxe3 Qe6 $16) 27... Qxe3 28. fxe3 Nd6 29. Bxd6 (29. Nxg5 Rhxe7 30. Bxd6 cxd6 $16) 29... cxd6) 26. Qc2 Qb6 {[%csl Ge4][%cal Rb6f2]} 27. Rf1 Reh8 {[#]} (27... Rhxe7 $142 28. Bxe7 Rxe7) 28. Nxg5 $1 {[%cal Bf3g5,Bg5e4,Be4d6,Bd6e8][%mdl 544]} Rg7 (28... Nxg5 29. Qf5+) 29. Nxe4 Rxg4 30. Nd6+ {[%mdl 64] Discovered Attack} Kb8 31. e8=Q+ Rxe8 32. Nxe8 {Accuracy: White = 73%, Black = 46%.} 1-0

[Event "AUT-ch Open 2020"]
[Site "Graz"]
[Date "2020.02.16"]
[Round "3.19"]
[White "Novikov, Stanislav"]
[Black "Zadruzny, Nicolaj"]
[Result "1-0"]
[WhiteElo "2531"]
[BlackElo "2531"]
[Annotator "ChessBase"]
[PlyCount "77"]
[EventDate "2020.02.14"]
[EventType "swiss"]
[EventCountry "AUT"]
[SourceTitle "playchess.com"]
[Source "ChessBase"]
[SourceQuality "1"]
[TimeControl "40/5400+30:1800+30"]

1. c4 {[%emt 0:04:18]} Nf6 {[%emt 0:00:00]} 2. Nc3 {[%emt 0:02:30]} e6 {[%emt 0:00:05]} 3. Nf3 {[%emt 0:05:59]} d5 {[%emt 0:00:07]} 4. d4 {[%emt 0:00:34]} Be7 {[%emt 0:00:07]} 5. Bg5 {[%emt 0:00:26]} h6 {[%emt 0:00:36]} 6. Bh4 {[%emt 0:00:57]} O-O {[%emt 0:04:01]} 7. e3 {[%emt 0:01:29]} b6 {[%emt 0:00:08]} 8. Qc2 {[%emt 0:05:08]} Bb7 {[%emt 0:02:30]} 9. Bxf6 {[%emt 0:14:40]} Bxf6 {[%emt 0:00:06]} 10. cxd5 {[%emt 0:00:03]} exd5 {[%emt 0:00:31]} 11. O-O-O {[%emt 0:00:06]} c5 {[%emt 0:02:18]} 12. dxc5 {[%emt 0:05:36]} bxc5 {[%emt 0:28:43]} 13. Nxd5 {[%emt 0:12:30]} Bxd5 {[%emt 0:00:06]} 14. Bc4 {[%emt 0:00:11]} Nd7 {[%emt 0:02:00]} 15. Rxd5 {[%emt 0:09:10]} Qc7 {[%emt 0:03:08]} 16. Nd2 {[%emt 0:23:45]} Rab8 {[%emt 0:13:18]} 17. b3 {[%emt 0:00:18]} a5 {[%emt 0:14:49]} 18. Kd1 {[%emt 0:03:43]} Be7 {[%emt 0:08:46]} 19. Ke2 {[%emt 0:00:43]} Nb6 {[%emt 0:06:01]} 20. Rd3 {[%emt 0:00:25]} Rbd8 {[%emt 0:01:35]} 21. Rxd8 {[%emt 0:01:47]} Rxd8 {[%emt 0:00:15]} 22. Nf3 {[%emt 0:00:18]} a4 {[%emt 0:02:41]} 23. Rd1 {[%emt 0:02:38]} Ra8 {[%emt 0:00:23]} 24. Qe4 {[%emt 0:03:42]} Bf6 {[%emt 0:00:22]} 25. h4 {[%emt 0:00:27]} Rb8 {[%emt 0:01:33]} 26. Rd2 {[%emt 0:01:00]} Nxc4 {[%emt 0:00:58]} 27. bxc4 {[%emt 0:00:22]} a3 {[%emt 0:00:18]} 28. g4 {[%emt 0:00:27]} g6 {[%emt 0:05:16]} 29. Kf1 {[%emt 0:00:17]} Bc3 {[%emt 0:01:07]} 30. Rd3 {[%emt 0:00:19]} Bg7 {[%emt 0:00:25]} 31. Rxa3 {[%emt 0:00:21]} Kh7 {[%emt 0:01:57]} 32. h5 {[%emt 0:00:23]} Rb6 {[%emt 0:00:37]} 33. Ra8 {[%emt 0:00:28]} Qd7 {[%emt 0:00:23]} 34. Kg2 {[%emt 0:01:08]} Re6 {[%emt 0:00:10]} 35. hxg6+ {[%emt 0:00:11]} fxg6 {[%emt 0:00:14]} 36. Qd5 {[%emt 0:00:23]} Qe7 {[%emt 0:01:34]} 37. Rd8 {[%emt 0:00:42]} Qf7 {[%emt 0:00:45]} 38. a4 {[%emt 0:00:43]} Bf8 {[%emt 0:00:32]} 39. Rxf8 {[%emt 0:00:08]} 1-0

[Event "AUT-ch Open 2020"]
[Site "Graz"]
[Date "2020.02.16"]
[Round "3.19"]
[White "Eizaguerri Floris, Maria"]
[Black "Peycheva, Gergana"]
[Result "1/2-1/2"]
[WhiteElo "2014"]
[BlackElo "2286"]
[Annotator "ChessBase"]
[PlyCount "97"]
[EventDate "2020.02.14"]
[EventType "swiss"]
[EventCountry "AUT"]
[SourceTitle "playchess.com"]
[Source "ChessBase"]
[SourceQuality "1"]
[TimeControl "40/5400+30:1800+30"]

1. e4 {[%emt 0:00:00]} e6 {[%emt 0:00:00]} 2. d4 {[%emt 0:00:03]} d5 {[%emt 0:00:14]} 3. Bd3 {[%emt 0:00:25]} dxe4 {[%emt 0:00:44]} 4. Bxe4 {[%emt 0:00:06]} Nf6 {[%emt 0:00:30]} 5. Bf3 {[%emt 0:00:06]} c5 {[%emt 0:00:46]} 6. Ne2 {[%emt 0:00:25]} Nc6 {[%emt 0:01:04]} 7. Be3 {[%emt 0:00:09]} cxd4 {[%emt 0:01:43]} 8. Nxd4 {[%emt 0:00:11]} Ne5 {[%emt 0:00:04]} 9. Nc3 {[%emt 0:00:37]} a6 {[%emt 0:02:14]} 10. O-O {[%emt 0:05:01]} Be7 {[%emt 0:02:01]} 11. Qe2 {[%emt 0:02:55]} O-O {[%emt 0:03:22]} 12. Rfd1 {[%emt 0:10:46]} Qc7 {[%emt 0:02:44]} 13. Nb3 {[%emt 0:15:39]} Bd7 {[%emt 0:08:47]} 14. a4 {[%emt 0:07:41]} Nxf3+ {[%emt 0:07:09]} 15. Qxf3 {[%emt 0:00:08]} Bc6 {[%emt 0:00:04]} 16. Qf4 {[%emt 0:09:20]} Qxf4 {[%emt 0:08:23]} 17. Bxf4 {[%emt 0:00:06]} Rfd8 {[%emt 0:01:09]} 18. Na5 {[%emt 0:07:37]} Bd5 {[%emt 0:04:53]} 19. Nxd5 {[%emt 0:03:39]} Nxd5 {[%emt 0:00:06]} 20. Bg3 {[%emt 0:02:21]} b6 {[%emt 0:10:16]} 21. Nc6 {[%emt 0:01:45]} Rdc8 {[%emt 0:00:22]} 22. Rxd5 {[%emt 0:05:30]} Rxc6 {[%emt 0:00:22]} 23. Rd7 {[%emt 0:00:17]} Kf8 {[%emt 0:01:44]} 24. c3 {[%emt 0:02:21]} Ke8 {[%emt 0:02:38]} 25. Rc7 {[%emt 0:06:38]} Rc8 {[%emt 0:08:14]} 26. Rxc6 {[%emt 0:00:49]} Rxc6 {[%emt 0:00:05]} 27. Kf1 {[%emt 0:00:12]} f6 {[%emt 0:02:18]} 28. Ke2 {[%emt 0:02:16]} e5 {[%emt 0:00:33]} 29. f3 {[%emt 0:00:51]} Kd7 {[%emt 0:02:08]} 30. Rd1+ {[%emt 0:02:08]} Ke6 {[%emt 0:03:18]} 31. Bf2 {[%emt 0:02:27]} f5 {[%emt 0:01:43]} 32. Be3 {[%emt 0:03:02]} g6 {[%emt 0:02:54]} 33. Bd2 {[%emt 0:05:00]} Bd6 {[%emt 0:03:55]} 34. h3 {[%emt 0:01:10]} Rc4 {[%emt 0:01:26]} 35. b3 {[%emt 0:00:31]} Rc6 {[%emt 0:03:02]} 36. Kd3 {[%emt 0:00:57]} Be7 {[%emt 0:02:04]} 37. Re1 {[%emt 0:00:51]} Bf6 {[%emt 0:01:38]} 38. Rc1 {[%emt 0:01:14]} Kd5 {[%emt 0:05:43]} 39. c4+ {[%emt 0:00:58]} Ke6 {[%emt 0:00:03]} 40. Be3 {[%emt 0:01:23]} Be7 {[%emt 0:01:38]} 41. Ke2 {[%emt 0:30:47]} Bc5 {[%emt 0:31:34]} 42. Rd1 {[%emt 0:00:00]} Rd6 {[%emt 0:00:00]} 43. Rxd6+ {[%emt 0:00:00]} Kxd6 {[%emt 0:00:00]} 44. Bd2 {[%emt 0:00:00]} a5 {[%emt 0:00:00]} 45. Kd3 {[%emt 0:00:00]} Ke6 {[%emt 0:00:00]} 46. Bg5 {[%emt 0:00:00]} Kd6 {[%emt 0:00:00]} 47. Bc1 {[%emt 0:00:00]} Kc6 {[%emt 0:00:00]} 48. Bb2 {[%emt 0:00:00]} Kd6 {[%emt 0:00:00]} 49. Bc1 {[%emt 0:00:00]} 1/2-1/2

[Event "AUT-ch Open 2020"]
[Site "Graz"]
[Date "2020.02.16"]
[Round "3.20"]
[White "Santiago, Yago De Moura"]
[Black "Sandhoefner, Florian"]
[Result "1-0"]
[WhiteElo "2488"]
[BlackElo "2328"]
[Annotator "ChessBase"]
[PlyCount "109"]
[EventDate "2020.02.14"]
[EventType "swiss"]
[EventCountry "AUT"]
[SourceTitle "playchess.com"]
[Source "ChessBase"]
[SourceQuality "1"]
[TimeControl "40/5400+30:1800+30"]

1. d4 {[%emt 0:00:00]} d5 {[%emt 0:00:00]} 2. c4 {[%emt 0:00:00]} c6 {[%emt 0:00:00]} 3. Nf3 {[%emt 0:00:28]} Nf6 {[%emt 0:00:00]} 4. e3 {[%emt 0:00:09]} e6 {[%emt 0:00:00]} 5. Bd3 {[%emt 0:05:17]} dxc4 {[%emt 0:00:00]} 6. Bxc4 {[%emt 0:00:07]} Nbd7 {[%emt 0:00:00]} 7. O-O {[%emt 0:00:30]} Bd6 {[%emt 0:00:00]} 8. Qe2 {[%emt 0:01:59]} O-O {[%emt 0:00:58]} 9. a4 {[%emt 0:09:41]} e5 {[%emt 0:01:30]} 10. Nc3 {[%emt 0:00:58]} Qc7 {[%emt 0:01:39]} 11. h3 {[%emt 0:00:41]} exd4 {[%emt 0:01:49]} 12. exd4 {[%emt 0:00:21]} Re8 {[%emt 0:00:34]} 13. Qd3 {[%emt 0:05:40]} Nb6 {[%emt 0:04:21]} 14. Bb3 {[%emt 0:01:10]} Be6 {[%emt 0:04:51]} 15. Bxe6 {[%emt 0:02:49]} Rxe6 {[%emt 0:02:51]} 16. a5 {[%emt 0:00:09]} Nbd5 {[%emt 0:01:16]} 17. Ng5 {[%emt 0:02:26]} Re7 {[%emt 0:00:39]} 18. Nxd5 {[%emt 0:00:05]} cxd5 {[%emt 0:00:04]} 19. a6 {[%emt 0:00:05]} b6 {[%emt 0:01:39]} 20. Be3 {[%emt 0:00:25]} Rc8 {[%emt 0:04:21]} 21. Nf3 {[%emt 0:13:02]} Qd8 {[%emt 0:09:43]} 22. Bg5 {[%emt 0:09:09]} Rec7 {[%emt 0:00:55]} 23. Rfe1 {[%emt 0:07:53]} h6 {[%emt 0:05:44]} 24. Bxf6 {[%emt 0:05:00]} Qxf6 {[%emt 0:00:02]} 25. Qb5 {[%emt 0:00:37]} Qd8 {[%emt 0:01:53]} 26. g3 {[%emt 0:15:17]} Rc2 {[%emt 0:06:46]} 27. Re3 {[%emt 0:00:25]} Bf8 {[%emt 0:03:17]} 28. Kg2 {[%emt 0:03:35]} Qd6 {[%emt 0:06:21]} 29. Re5 {[%emt 0:01:49]} Rd8 {[%emt 0:06:29]} 30. Rae1 {[%emt 0:02:38]} Qd7 {[%emt 0:02:55]} 31. Qxd7 {[%emt 0:05:55]} Rxd7 {[%emt 0:00:11]} 32. Re8 {[%emt 0:00:07]} f6 {[%emt 0:01:13]} 33. Ra8 {[%emt 0:02:11]} Kf7 {[%emt 0:01:53]} 34. Ree8 {[%emt 0:02:43]} Bd6 {[%emt 0:01:11]} 35. g4 {[%emt 0:00:23]} Rxb2 {[%emt 0:03:36]} 36. h4 {[%emt 0:00:08]} h5 {[%emt 0:12:12]} 37. gxh5 {[%emt 0:00:07]} Bf4 {[%emt 0:03:43]} 38. h6 {[%emt 0:00:24]} Bxh6 {[%emt 0:00:25]} 39. Reb8 {[%emt 0:00:56]} Ra2 {[%emt 0:04:55]} 40. Rb7 {[%emt 0:00:21]} Ke6 {[%emt 0:00:19]} 41. Re8+ {[%emt 0:34:19]} Kd6 {[%emt 0:33:54]} 42. Ne5 {[%emt 0:00:25]} Rc7 {[%emt 0:00:32]} 43. Rd8+ {[%emt 0:00:19]} Ke7 {[%emt 0:00:10]} 44. Rc8 {[%emt 0:00:07]} fxe5 {[%emt 0:01:07]} 45. Rbxc7+ {[%emt 0:00:00]} Kf6 {[%emt 0:00:00]} 46. Rf8+ {[%emt 0:00:00]} Ke6 {[%emt 0:00:00]} 47. dxe5 {[%emt 0:00:00]} Kxe5 {[%emt 0:00:00]} 48. Rxa7 {[%emt 0:00:00]} d4 {[%emt 0:00:00]} 49. Raa8 {[%emt 0:00:00]} d3 {[%emt 0:00:00]} 50. a7 {[%emt 0:00:00]} d2 {[%emt 0:00:00]} 51. Rae8+ {[%emt 0:00:00]} Kd4 {[%emt 0:00:00]} 52. a8=Q {[%emt 0:00:00]} Rxa8 {[%emt 0:00:00]} 53. Rxa8 {[%emt 0:00:00]} b5 {[%emt 0:00:00]} 54. Rfd8+ {[%emt 0:00:00]} Kc3 {[%emt 0:00:00]} 55. Kf1 {[%emt 0:00:00]} 1-0